书目信息 |
| 题名: |
新时期文学
|
|
| 作者: | 周鉴铭 著 | |
| 分册: | ||
| 出版信息: | 昆明 云南教育出版社 1986 |
|
| 页数: | 438页 | |
| 开本: | 20cm | |
| 丛书名: | ||
| 单 册: | ||
| 中图分类: | I209.7 | |
| 科图分类: | 43.48 | |
| 主题词: | 文学史--中国--现代 | |
| 电子资源: | ||
| ISBN: | ||
| 000 | 00603nam0 2200229 45 | |
| 001 | 0193037739 | |
| 005 | 20060805084831.84 | |
| 010 | @dCNY2.40 | |
| 100 | @a19930908d1986 em y0chiy0121 ea | |
| 101 | 0 | @achi |
| 102 | @b130000 | |
| 102 | @aCN@b530000 | |
| 105 | @ay r 000zy | |
| 200 | 10 | @a新时期文学@AXIN SHI QI WEN XUE@f周鉴铭著@Fzhou jian ming zhu |
| 210 | @a昆明@c云南教育出版社@d1986 | |
| 215 | @a438页@d20cm | |
| 606 | @a文学史@y中国@z现代 | |
| 690 | @aI209.7@v三版 | |
| 692 | @a43.48 | |
| 701 | 0 | @a周鉴铭@Azhou jian ming@4著 |
| 801 | 0 | @aCN@bTSSF@c20060805 |
| 905 | @a10447@dI209.7@e222 | |
| 新时期文学/周鉴铭著.-昆明:云南教育出版社,1986 |
| 438页;20cm |
| ISBN :CNY2.40 |
| ● |
| 相关链接 |
|
|
|
|
正题名:新时期文学
索取号:I209.7/222
 
预约/预借
| 序号 | 登录号 | 条形码 | 馆藏地/架位号 | 状态 | 备注 |
| 1 | 0450244 | 204502449 | 密集书库/ [索取号:I209.7/222] | 在馆 |